<?xml version="1.0" encoding="UTF-8"?><?xml-stylesheet type="text/xsl" href="static/style.xsl"?><OAI-PMH xmlns="http://www.openarchives.org/OAI/2.0/" xmlns:xsi="http://www.w3.org/2001/XMLSchema-instance" xsi:schemaLocation="http://www.openarchives.org/OAI/2.0/ http://www.openarchives.org/OAI/2.0/OAI-PMH.xsd"><responseDate>2026-04-13T06:22:11Z</responseDate><request verb="GetRecord" identifier="oai:www.recercat.cat:2117/446739" metadataPrefix="marc">https://recercat.cat/oai/request</request><GetRecord><record><header><identifier>oai:recercat.cat:2117/446739</identifier><datestamp>2026-01-22T06:10:47Z</datestamp><setSpec>com_2072_1033</setSpec><setSpec>col_2072_452950</setSpec></header><metadata><record xmlns="http://www.loc.gov/MARC21/slim" xmlns:dcterms="http://purl.org/dc/terms/" xmlns:xsi="http://www.w3.org/2001/XMLSchema-instance" xmlns:doc="http://www.lyncode.com/xoai" xsi:schemaLocation="http://www.loc.gov/MARC21/slim http://www.loc.gov/standards/marcxml/schema/MARC21slim.xsd">
   <leader>00925njm 22002777a 4500</leader>
   <datafield ind2=" " ind1=" " tag="042">
      <subfield code="a">dc</subfield>
   </datafield>
   <datafield ind2=" " ind1=" " tag="720">
      <subfield code="a">Vera i Fernández, Jordi</subfield>
      <subfield code="e">author</subfield>
   </datafield>
   <datafield ind2=" " ind1=" " tag="720">
      <subfield code="a">Schillaci, Eugenio</subfield>
      <subfield code="e">author</subfield>
   </datafield>
   <datafield ind2=" " ind1=" " tag="720">
      <subfield code="a">Amani, Ahmad</subfield>
      <subfield code="e">author</subfield>
   </datafield>
   <datafield ind2=" " ind1=" " tag="720">
      <subfield code="a">Morozova, Nina</subfield>
      <subfield code="e">author</subfield>
   </datafield>
   <datafield ind2=" " ind1=" " tag="720">
      <subfield code="a">Rigola Serrano, Joaquim</subfield>
      <subfield code="e">author</subfield>
   </datafield>
   <datafield ind2=" " ind1=" " tag="260">
      <subfield code="c">2025-09-25</subfield>
   </datafield>
   <datafield ind2=" " ind1=" " tag="520">
      <subfield code="a">In this work, a numerical set-up is built to perform transient numerical simulations of airflow quality, contaminant transport, andrisk of infection within enclosed spaces. In particular, the case of an urban bus is proposed by studying the probability of infectionfrom SARS CoV-2 during typical urban travel. Different air supply units are analyzed: an air-conditioning device with partial outside air recirculation and an air purification system with continuous indoor air purification and different air diffuser configurations. The infection probability is evaluated using an original methodology based on the Wells–Riley model. The generation and transport of airborne infections are considered by solving a quanta transport equation that uses empiricalvalues for quanta exhalation and inhalation rates. The flow field is solved once using URANS models. Next, different target positions for infectious and target susceptible people are simulated to build a general infection probability matrix, allowing the quantification of the risk of contagion by running a set of affordable transient simulations. Air age and PM 2.5 concentration are also employed to evaluate general air quality. The numerical model, experimentally validated in past works, is verified hereusing a mesh convergence analysis. Hence, the different air supply units and configurations are analyzed with the current methodology to quantify the risk of infection, showing a 13% risk reduction when introducing the air purification unit and a 23% reduction when using the same unit but with a more efficient grid configuration.</subfield>
   </datafield>
   <datafield ind2=" " ind1=" " tag="520">
      <subfield code="a">This work has been developed in the context of the RolenPuriﬁca Bus R&amp;D project, partially ﬁnanced by INNOTEC(ACCIÓ - Agència per la Competitivitat de l’Empresa, Gen-eralitat de Catalunya). Jordi Vera has been ﬁnancially sup-ported by the Ministerio de Educación y Ciencia (MEC),Spain (FPI Grant PRE2018-084017). Nina Morozova wassupported by the Ministerio de Economía y Competitividad,Spain (FPU16/06333 predoctoral contract).</subfield>
   </datafield>
   <datafield ind2=" " ind1=" " tag="520">
      <subfield code="a">Peer Reviewed</subfield>
   </datafield>
   <datafield ind2=" " ind1=" " tag="520">
      <subfield code="a">Postprint (published version)</subfield>
   </datafield>
   <datafield tag="653" ind2=" " ind1=" ">
      <subfield code="a">Àrees temàtiques de la UPC::Física::Física de fluids::Flux de fluids</subfield>
   </datafield>
   <datafield tag="653" ind2=" " ind1=" ">
      <subfield code="a">HVAC in public transport</subfield>
   </datafield>
   <datafield tag="653" ind2=" " ind1=" ">
      <subfield code="a">RANS simulation</subfield>
   </datafield>
   <datafield tag="653" ind2=" " ind1=" ">
      <subfield code="a">SARS-CoV-2 infection risk</subfield>
   </datafield>
   <datafield tag="653" ind2=" " ind1=" ">
      <subfield code="a">Wells–Riley model</subfield>
   </datafield>
   <datafield ind2="0" ind1="0" tag="245">
      <subfield code="a">Numerical simulation of contaminant transport and infection probability in public transport vehicles</subfield>
   </datafield>
</record></metadata></record></GetRecord></OAI-PMH>